000
00331nam a2200145Ia 4500
005
20251222144735.0
008
251222s9999||||xx |||||||||||||| ||spa||
020
_a
958-04-6198-8
082
_a
943.086/M95
100
_a
Muchnik, Daniel
245
0
_a
Negocios son Negocios:
250
_a
2a.ed.
264
_b
Norma
942
_c
LIB
999
_c
18752
_d
18752